Ako sa počíta udržateľnosť správa o finančnej udržateľnosti
Európska komisia predstavila novú verziu Správy o finančnej udržateľnosti (Sustainability Report). Deficit a zvyšovanie dlhov. Vývoj verejných financií. Význam zložiek rastu HDP a odhady rastu produktivity práce. Objem daňových príjmov. Demografické ukazovatele a demograficky podmienené výdavky.
Salvato in:
| Autore principale: | |
|---|---|
| Natura: | Capitolo di libro |
| Lingua: | slovacco |
| Soggetti: | |
| Tags: |
Nessun Tag, puoi essere il primo ad aggiungerne!!
|
MARC
| LEADER | 00000naa$a2200000$$$4500 | ||
|---|---|---|---|
| 001 | 0115889 | ||
| 005 | 20231019091428.2 | ||
| 041 | 0 | |a slo | |
| 044 | |a SK | ||
| 245 | 1 | 0 | |a Ako sa počíta udržateľnosť |b správa o finančnej udržateľnosti |c Vladimír Baláž |
| 520 | |a Európska komisia predstavila novú verziu Správy o finančnej udržateľnosti (Sustainability Report). Deficit a zvyšovanie dlhov. Vývoj verejných financií. Význam zložiek rastu HDP a odhady rastu produktivity práce. Objem daňových príjmov. Demografické ukazovatele a demograficky podmienené výdavky. | ||
| 610 | 2 | 0 | |a Európska únia |
| 610 | 2 | 0 | |a Európska komisia |
| 610 | 2 | 0 | |a politika kohézna |
| 610 | 2 | 0 | |a politika dôchodková |
| 610 | 2 | 0 | |a politika rozpočtová |
| 610 | 2 | 0 | |a ukazovatele demografické |
| 610 | 2 | 0 | |a rozvoj trvalo udržateľný |
| 610 | 2 | 0 | |a demografia ekonomická |
| 100 | 1 | |a Baláž, Vladimír | |